Historia de las teorías de la comunicación /

Guardado en:
Autor Principal: Mattelart, Armand
Formato: Libro
Publicado: Buenos Aires : Paidós, 1997
Series:Paidós Comunicación; 91
Materias:
Etiquetas: Agregar Etiqueta
Sin Etiquetas, Sea el primero en etiquetar este registro!
LEADER 02877nam a22002055a 4500
001 CEM.cems012252
008 130507s1997##################000#0#####d
005 20250819151456.0
245 1 0 |a Historia de las teorías de la comunicación /  |c Armand y Michèle Mattelart 
260 |a Buenos Aires :  |b  Paidós,  |c 1997 
300 |a 142 p. 
490 0 |a Paidós Comunicación; 91 
505 0 |a 1. EL ORGANISMO SOCIAL -- El descubrimiento de los intercambios y de los flujos -- La división del trabajo -- La red y la totalidad orgánica -- La historia como desarrollo -- La gestión de las multitudes -- La estadística moral y el hombre medio -- La psicología de las multitudes -- 2. LOS EMPIRISMOS DEL NUEVO MUNDO -- La escuela de Chicago y la ecología humana -- La ciudad como "espectroscopio de la sociedad" -- Diversidad y homogeneidad -- La Mass Comunication Research -- Harold Lasswell y el impacto de la propaganda -- La sociología funcionalista de los medios de comunicación -- Una discrepancia teórica -- El "doble flujo de la comunicación" -- La decisión de grupo -- Una voz disidente -- 3. LA TEORÍA DE LA INFORMACIÓN -- Información y sistema -- El modelo formal de Shannon -- El enfoque sistémico de primera generación -- La referencia cibernética - -- La entropía -- El "colegio invisible" -- 4. INDUSTRIA CULTURAL, IDEOLOGÍA Y PODER -- La teoría crítica -- Cuestión de método -- La industria cultural -- La racionalidad técnica -- El estructuralismo -- Una teoría lingüística -- Una escuela francesa -- Aparatos ideológicos del Estado y reproducción social -- El dispositivo de vigilancia -- La cosificación de la estructura -- Cultural Studies -- La cultura del pobre -- El Centro de Birmingham -- Hacia el estudio de la recepción -- 5. ECONOMÍA POLÍTICA -- La dependencia cultural -- Integración mundial e intercambio desigual -- El imperialismo cultural -- La Unesco y el nuevo orden mundial de la comunicación -- Las industrias culturales -- La diversidad de la mercancía -- De un sector industrial a la "sociedad global" -- 6. EL REGRESO DE LO COTIDIANO -- El movimiento intersubjetivo -- Etnometodologías -- Actor/sistema: ¿el final de un dualismo? -- El viraje lingüístico -- El "actuar comunicativo": Habermas -- Etnografía de las audiencias -- La cuestión del lector -- Cultural Studies y estudios feministas -- Usos y gratificaciones -- El consumidor y el usuario: apuestas estratégicas -- LA INFLUENCIA DE LA COMUNICACIÓN -- La figura de la red -- Crítica del difusionismo -- Las ciencias cognitivas -- Mundo y sociedades -- El planeta híbrido -- Hacia una nueva jerarquía del saber -- CONCLUSIÓN 
020 |a 8449303443 
100 1 |a Mattelart, Armand 
082 0 4 |a 384 
600 1 4 |a Mattelart, Michèle 
653 |a Comunicación 
653 |a Sociología 
859 |a CEMS  |b BIB. CEMS - 11 de abril  |h 384  |i M434  |p 23474.06  |t Ej.1